000 00416cam a2200157ua 4500
020 _c175.00
041 _aeng
_h
100 _aPrasad, Jagadish .
245 _aPrinciples and practices of dairy farm management /
_cJagadish Prasad.
_hTextual Documents
260 _aNew Delhi :
_bKalyani Publishers ,
_c2002.
300 _a ; .
365 _a175.00
504 _a
942 _cBK
999 _c12944
_d12944